Geografické informačné systémy a geomarketing

Geomarketing, geografické informačné systémy a ich metodológia. Geomarketing je jedna z kardinálnych častí marketingového výskumu a pomáha v oblastiach marketingového rozhodovania. Geomarketing je výborný nástroj pre vizualizáciu informácií geografického charakteru, konkrétne geografických informačn...

Descrizione completa

Salvato in:
Dettagli Bibliografici
Autore principale: Herzán, Lukáš
Natura: Capitolo di libro
Lingua:ceco
Soggetti:
Tags: Aggiungi Tag
Nessun Tag, puoi essere il primo ad aggiungerne!!

MARC

LEADER 00000naa$a2200000$$$4500
001 0069606
005 20251210132113.0
041 0 |a cze 
044 |a SK 
245 1 0 |a Geografické informačné systémy a geomarketing  |c Lukáš Herzán 
520 |a Geomarketing, geografické informačné systémy a ich metodológia. Geomarketing je jedna z kardinálnych častí marketingového výskumu a pomáha v oblastiach marketingového rozhodovania. Geomarketing je výborný nástroj pre vizualizáciu informácií geografického charakteru, konkrétne geografických informačných systémov. 
610 2 0 |a zákazníci 
610 2 0 |a geomarketing 
610 2 0 |a segmentácia trhu 
610 2 0 |a systémy informačné geografické 
610 2 0 |a výskum 
100 1 |a Herzán, Lukáš